Quiz sullo Yemen - Statistics

Statistiche generali
  • Questo quiz è stato fatto 425 volte
  • Il punteggio medio è 12 su 18
Statistiche sulle risposte
Clue Risposta % Corretto
Lingua ufficiale Arabo
100%
Paesi confinanti Arabia Saudita
99%
Paesi confinanti Oman
99%
Religione predominante Islam
94%
Capitale Sana'a
90%
Paese africano che dista solo 20 Km Gibuti
88%
Mare situato ad ovest Mar Rosso
88%
Lo Yemen era un tempo il punto più meridionale di questo impero Impero Ottomano
84%
Durante l'operazione "Tappeto Magico" quasi la totalità degli ebrei dello Yemen è fuggita in questo paese Israele
68%
Lo Yemen l'ha abolita nel 1962, ma è ancora praticata oggi Schiavitù
66%
Maggiore isola Socotra
61%
Come molti paesi, parte della popolazione dello Yemen ha un popolazione di questi nomadi che abitano nel deserto Beduini
58%
Si pensa che questa popolare bevanda sia originaria dello Yemen Caffè
54%
Città più grande sulla costa posto sul golfo di questo mare Aden
53%
Nome di uno dei paesi che unendosi ha formato l'attuale Yemen nel 1990 Yemen del Nord / Yemen del Sud
48%
Gruppo ribelle sciita che controlla la ovest del paese Huthi
37%
Particolari alberi tipici di quest'isola Albero del Drago
28%
Pianta a foglia che viene masticata come stimolante Khat (o Qat)
27%
Nessun quiz corrispondente trovato
Distribuzione punteggi
Percentuale di utenti per punteggio
Percentile per numero di risposta
I tuoi punteggi nel tempo
Non hai fatto questo quiz